Les 20 villes les plus peuplées de Val-de-Marne (94) - Statistiques

Statistiques générales
  • Ce quiz a été pris 128 fois
  • Le résultat moyen est 12 sur 20
Statistiques - réponses
HINT HINT ANSWER % Correct
92 859 C Créteil
96%
95 282 V Vitry-sur-Seine
87%
64 526 I Ivry-sur-Seine
81%
78 367 C Champigny-sur-Marne
78%
58 142 V Villejuif
70%
48 368 V Vincennes
69%
45 569 A Alfortville
67%
76 010 S Saint-Maur-des-Fossés
64%
52 646 F Fontenay-sous-Bois
62%
57 422 M Maisons-Alfort
59%
32 998 N Nogent-sur-Marne
57%
46 122 C Choisy-le-Roi
55%
36 170 V Villeneuve-Saint-Georges
55%
32 006 T Thiais
51%
30 526 C Cachan
49%
31 338 L L'Haÿ-les-Roses
48%
29 298 F Fresnes
45%
28 756 C Charenton-le-Pont
42%
32 547 V Villiers-sur-Marne
41%
34 654 L Le Perreux-sur-Marne
39%
Aucun quiz correspondant
Distribution des résultats
% des personnes avec chaque résultat
Percentile par nombre de réponses
Votre historique - résultats
Vous n’avez pas pris ce quiz